[Event "SEMI W-ch5 LG prel-F (Hage mem) email"]
[Site "SEMI email"]
[Date "2002.10.15"]
[Round "?"]
[White "Zaniratti, Ivano"]
[Black "Fredriksen, Arild"]
[Result "0-1"]
[WhiteElo "2200"]
[BlackElo "2300"]
[PlyCount "36"]
[EventDate "2002.10.15"]
[EventType "tourn (corr)"]
[EventRounds "4"]
[EventCountry "ITA"]
[SourceTitle "Corr 2008"]
[Source "ChessBase"]
[SourceDate "2008.06.24"]
[SourceVersion "1"]
[SourceVersionDate "2008.06.24"]
[SourceQuality "1"]

1. e4 e5 2. Nf3 f5 3. Nxe5 Qf6 4. d4 d6 5. Nc4 fxe4 6. Nc3 Qg6 7. d5 Nf6 8. Be3 Be7 9. Nb5 Na6 10. Na5 Ng4 11. Bd4 0-0 12. h3 Qh6 13. Be2 Rxf2 14. Rg1 Ne3 15. Qc1 Nxg2+ 16. Kxf2 Qh4+ 17. Kf1 Bxh3 18. Rxg2 Qg3 0-1

[Event "IECG CP.1999.F.00001 email"]
[Site "IECG email"]
[Date "2002.10.01"]
[Round "?"]
[White "Alvebring, Martin"]
[Black "Fredriksen, Arild"]
[Result "0-1"]
[WhiteElo "2242"]
[BlackElo "2247"]
[PlyCount "68"]
[EventDate "2002.10.01"]
[EventType "tourn (corr)"]
[EventRounds "8"]
[SourceTitle "Corr 2008"]
[Source "ChessBase"]
[SourceDate "2008.06.24"]
[SourceVersion "1"]
[SourceVersionDate "2008.06.24"]
[SourceQuality "1"]

1. e4 c5 2. Nf3 d6 3. d4 cxd4 4. Nxd4 Nf6 5. Nc3 a6 6. Be2 e6 7. 0-0 Be7 8. f4 0-0 9. Kh1 Qc7 10. a4 Nc6 11. Be3 Re8 12. Bf3 e5 13. Nde2 Na5 14. Bg1 Be6 15. Rb1 Rec8 16. b4 Nc4 17. f5 Bd7 18. a5 b6 19. g4 h6 20. h4 bxa5 21. g5 Nh7 22. Nd5 Qd8 23. bxa5 hxg5 24. hxg5 Bxg5 25. Bb6 Nxb6 26. Nxb6 Be3 27. Nxc8 Rxc8 28. Qd3 Qh4+ 29. Kg2 Qg5+ 30. Kh3 d5 31. Rb3 Rc6 32. Ng3 Rg6 33. Nh5 Bf4 34. Rb6 Nf6 0-1

[Event "IECG CP.1999.F.00001 email"]
[Site "IECG email"]
[Date "2002.10.01"]
[Round "?"]
[White "Frost, Lionel B"]
[Black "Fredriksen, Arild"]
[Result "1/2-1/2"]
[WhiteElo "2293"]
[BlackElo "2247"]
[PlyCount "66"]
[EventDate "2002.10.01"]
[EventType "tourn (corr)"]
[EventRounds "8"]
[SourceTitle "Corr 2008"]
[Source "ChessBase"]
[SourceDate "2008.06.24"]
[SourceVersion "1"]
[SourceVersionDate "2008.06.24"]
[SourceQuality "1"]

1. Nf3 d5 2. d4 c6 3. c4 dxc4 4. e3 b5 5. a4 e6 6. axb5 cxb5 7. b3 Bb4+ 8. Bd2 Bxd2+ 9. Nbxd2 a5 10. bxc4 b4 11. Ne5 Nf6 12. Bd3 0-0 13. 0-0 Bb7 14. f4 Nc6 15. Bc2 Qc7 16. Qe2 g6 17. Ba4 Rfd8 18. Rfc1 Kg7 19. Nd3 Ne7 20. Nc5 Bc6 21. Ndb3 Ne4 22. Nxe4 Bxe4 23. Nc5 Bb7 24. Ra2 Bc6 25. Rca1 Ra7 26. Bxc6 Nxc6 27. Ra4 Ne7 28. Qb2 Nf5 29. Qf2 Rc8 30. Qe2 h6 31. Qd3 Nd6 32. R4a2 Qb6 33. Rd2 a4 1/2-1/2

[Event "SEMI W-ch3 LG fin (Hage mem) email"]
[Site "SEMI email"]
[Date "2002.03.01"]
[Round "?"]
[White "Downey, Michael S"]
[Black "Fredriksen, Arild"]
[Result "1-0"]
[WhiteElo "2372"]
[BlackElo "2183"]
[PlyCount "39"]
[EventDate "2002.??.??"]
[EventType "tourn (corr)"]
[EventRounds "10"]
[EventCountry "ITA"]
[SourceTitle "Corr 2008"]
[Source "ChessBase"]
[SourceDate "2008.06.24"]
[SourceVersion "1"]
[SourceVersionDate "2008.06.24"]
[SourceQuality "1"]

1. e4 e5 2. Nf3 f5 3. exf5 e4 4. Nd4 Qf6 5. c3 Nc6 6. Nxc6 dxc6 7. Qh5+ Kd8 8. d3 Qxf5 9. Qxf5 Bxf5 10. dxe4 Bxe4 11. Be3 Nf6 12. Nd2 Bf5 13. 0-0-0 Bd6 14. h3 Kd7 15. c4 Rad8 16. Be2 Kc8 17. g4 Bg6 18. Rhe1 Rhe8 19. h4 Bf4 20. Bxf4 1-0

[Event "SEMI W-ch3 LG fin (Hage mem) email"]
[Site "SEMI email"]
[Date "2002.03.01"]
[Round "?"]
[White "Fredriksen, Arild"]
[Black "Ruggeri Laderchi, Giorgio"]
[Result "1/2-1/2"]
[WhiteElo "2183"]
[BlackElo "2416"]
[PlyCount "47"]
[EventDate "2002.??.??"]
[EventType "tourn (corr)"]
[EventRounds "10"]
[EventCountry "ITA"]
[SourceTitle "Corr 2008"]
[Source "ChessBase"]
[SourceDate "2008.06.24"]
[SourceVersion "1"]
[SourceVersionDate "2008.06.24"]
[SourceQuality "1"]

1. e4 e5 2. Nf3 f5 3. exf5 e4 4. Qe2 Qe7 5. Nd4 Nc6 6. Nxc6 dxc6 7. Qh5+ Kd8 8. Nc3 Nf6 9. Qg5 Qe5 10. d4 exd3+ 11. Qe3 Qxe3+ 12. Bxe3 d2+ 13. Bxd2 Bxf5 14. 0-0-0 Bd6 15. h3 Kd7 16. a3 Rhe8 17. Be3 Rad8 18. Be2 Kc8 19. Rhe1 a6 20. g4 Bg6 21. h4 h5 22. gxh5 Bxh5 23. Bg5 Bxe2 24. Rxe2 1/2-1/2

[Event "SEMI W-ch4 LG sf-C (Hage mem) email"]
[Site "SEMI email"]
[Date "2002.02.01"]
[Round "?"]
[White "Fredriksen, Arild"]
[Black "Benatar, Eric"]
[Result "1-0"]
[WhiteElo "2300"]
[BlackElo "2340"]
[PlyCount "123"]
[EventDate "2002.02.01"]
[EventType "tourn (corr)"]
[EventRounds "8"]
[EventCountry "ITA"]
[SourceTitle "Corr 2008"]
[Source "ChessBase"]
[SourceDate "2008.06.24"]
[SourceVersion "1"]
[SourceVersionDate "2008.06.24"]
[SourceQuality "1"]

1. e4 e5 2. Nf3 f5 3. Nxe5 Qf6 4. d4 d6 5. Nc4 fxe4 6. Be2 Qd8 7. 0-0 Nf6 8. Bg5 Be7 9. Ne3 0-0 10. Nd2 d5 11. c3 c6 12. Qb3 Qb6 13. Qxb6 axb6 14. f3 exf3 15. Bxf3 h6 16. Bf4 b5 17. Rae1 Re8 18. h4 Nbd7 19. g4 Rxa2 20. g5 hxg5 21. hxg5 Rxb2 22. gxf6 Nxf6 23. Rf2 Ra2 24. Be5 b4 25. c4 Nd7 26. Bg3 Bg5 27. Ndf1 Ra3 28. Rfe2 Rf8 29. Bg2 dxc4 30. Nxc4 Rc3 31. Nd6 Nf6 32. Nxc8 Rxc8 33. Bh3 Rd8 34. Be6+ Kh7 35. Rh2+ Kg6 36. Rg2 Kh6 37. Re5 Bc1 38. Bf5 Rd5 39. Rh2+ Nh5 40. Re6+ Kg5 41. Be4 Rxg3+ 42. Nxg3 Be3+ 43. Kg2 Nf4+ 44. Kf3 Bxd4 45. Bxd5 cxd5 46. Rd6 b3 47. Rh5+ Nxh5 48. Rxd5+ Kg6 49. Rxd4 Nf6 50. Rb4 Nd7 51. Rxb7 Nc5 52. Rb5 Ne6 53. Ke4 b2 54. Rxb2 Nf8 55. Kd5 Kg5 56. Ne4+ Kh5 57. Rg2 Kh6 58. Rf2 Nd7 59. Ke6 Nb8 60. Rh2+ Kg6 61. Rg2+ Kh5 62. Kf5 1-0

[Event "SEMI W-ch4 LG sf-C (Hage mem) email"]
[Site "SEMI email"]
[Date "2002.02.01"]
[Round "?"]
[White "Fredriksen, Arild"]
[Black "Ottaviani, Mauro"]
[Result "1-0"]
[WhiteElo "2300"]
[BlackElo "1700"]
[PlyCount "45"]
[EventDate "2002.02.01"]
[EventType "tourn (corr)"]
[EventRounds "8"]
[EventCountry "ITA"]
[SourceTitle "Corr 2008"]
[Source "ChessBase"]
[SourceDate "2008.06.24"]
[SourceVersion "1"]
[SourceVersionDate "2008.06.24"]
[SourceQuality "1"]

1. e4 e5 2. Nf3 f5 3. Nxe5 Qf6 4. d4 d6 5. Nc4 fxe4 6. Be2 Qd8 7. 0-0 Be7 8. d5 Bf5 9. Ne3 Bg6 10. Bh5 Nf6 11. Bxg6+ hxg6 12. Re1 Nbd7 13. Nc3 c6 14. Ng4 Ne5 15. Nxf6+ gxf6 16. Nxe4 f5 17. Nc3 g5 18. b4 Qc7 19. dxc6 bxc6 20. b5 Qa5 21. Ne2 f4 22. Nd4 cxb5 23. Bb2 1-0

[Event "SEMI W-ch4 LG sf-C (Hage mem) email"]
[Site "SEMI email"]
[Date "2002.02.01"]
[Round "?"]
[White "Pecis, Gianfranco"]
[Black "Fredriksen, Arild"]
[Result "1-0"]
[WhiteElo "2220"]
[BlackElo "2300"]
[PlyCount "85"]
[EventDate "2002.02.01"]
[EventType "tourn (corr)"]
[EventRounds "8"]
[EventCountry "ITA"]
[SourceTitle "Corr 2008"]
[Source "ChessBase"]
[SourceDate "2008.06.24"]
[SourceVersion "1"]
[SourceVersionDate "2008.06.24"]
[SourceQuality "1"]

1. e4 e5 2. Nf3 f5 3. Nxe5 Qf6 4. Nc4 fxe4 5. Nc3 Qf7 6. Ne3 c6 7. d3 exd3 8. Bxd3 d5 9. 0-0 Bc5 10. Na4 Bd6 11. c4 Nf6 12. Nc3 Qc7 13. Nexd5 cxd5 14. Nxd5 Bxh2+ 15. Kh1 Nxd5 16. cxd5 Be5 17. Re1 Kd8 18. Bg5+ Bf6 19. Bxf6+ gxf6 20. Rc1 Qd6 21. Qb3 Nd7 22. Re6 Qf8 23. Qc4 Nc5 24. Ree1 b6 25. b4 Qd6 26. bxc5 bxc5 27. Qh4 Rf8 28. Rb1 Rb8 29. Rxb8 Qxb8 30. Qxh7 Qc7 31. Qh6 Qd6 32. Qg7 Bd7 33. Bg6 f5 34. Bf7 Kc7 35. Kg1 Rd8 36. Be6 Kb8 37. Rb1+ Ka8 38. Qb2 Qb6 39. Qc2 Qd6 40. Qxf5 c4 41. Qh7 c3 42. Bf5 a6 43. a4 1-0

[Event "SEMI Mikenas Gambit theme email"]
[Site "SEMI email"]
[Date "2002.01.15"]
[Round "?"]
[White "Fredriksen, Arild"]
[Black "Maiorov, Oleg Ivanovich"]
[Result "1/2-1/2"]
[WhiteElo "2300"]
[BlackElo "2458"]
[PlyCount "41"]
[EventDate "2002.01.15"]
[EventType "tourn (corr)"]
[EventRounds "6"]
[EventCountry "ITA"]
[EventCategory "2"]
[SourceTitle "Telechess CBM 097"]
[Source "ChessBase"]
[SourceDate "2003.11.11"]
[SourceVersion "1"]
[SourceVersionDate "2003.11.11"]
[SourceQuality "1"]

1. d4 Nf6 2. c4 c5 3. d5 e6 4. Nc3 exd5 5. cxd5 d6 6. e4 g6 7. f4 Bg7 8. e5 dxe5 9. fxe5 Nfd7 10. e6 fxe6 11. dxe6 Qh4+ 12. g3 Qe7 13. Bh3 Nf6 14. Qb3 Nc6 15. Nf3 0-0 16. 0-0 Re8 17. Re1 h6 18. Qc2 g5 19. Qg6 Rf8 20. Ne5 Nd4 21. Be3 1/2-1/2

[Event "SEMI Mikenas Gambit theme email"]
[Site "SEMI email"]
[Date "2002.01.15"]
[Round "?"]
[White "Maiorov, Oleg Ivanovich"]
[Black "Fredriksen, Arild"]
[Result "1/2-1/2"]
[WhiteElo "2458"]
[BlackElo "2300"]
[PlyCount "42"]
[EventDate "2002.01.15"]
[EventType "tourn (corr)"]
[EventRounds "6"]
[EventCountry "ITA"]
[EventCategory "2"]
[SourceTitle "Telechess CBM 097"]
[Source "ChessBase"]
[SourceDate "2003.11.11"]
[SourceVersion "1"]
[SourceVersionDate "2003.11.11"]
[SourceQuality "1"]

1. d4 Nf6 2. c4 c5 3. d5 e6 4. Nc3 exd5 5. cxd5 d6 6. e4 g6 7. f4 Bg7 8. e5 dxe5 9. fxe5 Nfd7 10. e6 fxe6 11. dxe6 Qe7 12. Nd5 Qxe6+ 13. Qe2 Qxe2+ 14. Bxe2 0-0 15. Nc7 Nc6 16. Nxa8 Nb4 17. Bd1 Ne5 18. Nf3 Ned3+ 19. Kf1 Nd5 20. Bb3 Be6 21. Bg5 Rxa8 1/2-1/2

[Event "IECG CP.1999.S.00004"]
[Site "IECG email"]
[Date "2001.10.01"]
[Round "?"]
[White "Jovanovic, Nevenka"]
[Black "Fredriksen, Arild"]
[Result "1/2-1/2"]
[WhiteElo "2173"]
[BlackElo "2124"]
[PlyCount "44"]
[EventDate "2001.10.01"]
[EventType "tourn (corr)"]
[EventRounds "6"]
[SourceTitle "Corr 2008"]
[Source "ChessBase"]
[SourceDate "2008.06.24"]
[SourceVersion "1"]
[SourceVersionDate "2008.06.24"]
[SourceQuality "1"]

1. e4 e5 2. Nf3 Nc6 3. Bb5 a6 4. Ba4 Nf6 5. 0-0 b5 6. Bb3 Bc5 7. a4 Bb7 8. d3 0-0 9. Nc3 Na5 10. Nxe5 Nxb3 11. cxb3 b4 12. Ne2 d5 13. d4 Bd6 14. Nxf7 Rxf7 15. e5 Ng4 16. exd6 Qxd6 17. g3 Re8 18. Nf4 Bc8 19. f3 Nh6 20. Ng2 Bh3 21. Re1 Ref8 22. Bf4 Rxf4 1/2-1/2

[Event "IECG WC.2005.P.00005 email"]
[Site "IECG email"]
[Date "2001.02.15"]
[Round "?"]
[White "Meijer, Kees"]
[Black "Fredriksen, Arild"]
[Result "0-1"]
[WhiteElo "1476"]
[BlackElo "2175"]
[PlyCount "52"]
[EventDate "2002.01.29"]
[EventType "tourn (corr)"]
[EventRounds "11"]
[SourceTitle "Corr 2008"]
[Source "ChessBase"]
[SourceDate "2008.06.24"]
[SourceVersion "1"]
[SourceVersionDate "2008.06.24"]
[SourceQuality "1"]

1. e4 c5 2. c3 Nf6 3. e5 Nd5 4. d4 cxd4 5. Nf3 d6 6. cxd4 Nc6 7. Bc4 Nb6 8. Bb3 d5 9. Nh4 g6 10. 0-0 Bg7 11. Nc3 0-0 12. Re1 Be6 13. a4 a6 14. Bf4 Rc8 15. Rc1 Nb4 16. Na2 Rxc1 17. Bxc1 Nc6 18. Nc3 Qd7 19. g3 f6 20. Be3 Na5 21. exf6 Bxf6 22. Bh6 Rf7 23. Ne2 Bxh4 24. gxh4 Bg4 25. h3 Bxe2 26. Qxe2 Nxb3 0-1

[Event "SEMI W-ch3 LG sf-B email"]
[Site "SEMI email"]
[Date "2000.11.15"]
[Round "?"]
[White "Fredriksen, Arild"]
[Black "Ruggeri Laderchi, Giorgio"]
[Result "1-0"]
[WhiteElo "2183"]
[BlackElo "2400"]
[PlyCount "79"]
[EventDate "2000.11.15"]
[EventType "tourn (corr)"]
[EventRounds "10"]
[EventCountry "ITA"]
[SourceTitle "Corr 2008"]
[Source "ChessBase"]
[SourceDate "2008.06.24"]
[SourceVersion "1"]
[SourceVersionDate "2008.06.24"]
[SourceQuality "1"]

1. e4 e5 2. Nf3 f5 3. Nxe5 Qf6 4. Nc4 fxe4 5. Nc3 Qf7 6. Ne3 c6 7. Nxe4 d5 8. Ng5 Qf6 9. Nf3 Bd6 10. d4 Ne7 11. c4 0-0 12. Bd3 Ng6 13. 0-0 Nf4 14. cxd5 cxd5 15. Qb3 Be6 16. Qxb7 Nd7 17. Qc6 Bb4 18. Qc2 Rac8 19. Qd1 Rf7 20. Bb5 Bd6 21. Bd2 Nf8 22. Rc1 Rb8 23. a4 N8g6 24. Rc6 Bd7 25. Rc3 Bxb5 26. axb5 Rxb5 27. Ng4 Qf5 28. Nge5 Bxe5 29. Nxe5 Nxe5 30. dxe5 Ng6 31. Rf3 Qxe5 32. Rxf7 Kxf7 33. Bc3 Qc7 34. Re1 Nf8 35. Qd4 Kg8 36. Re8 Rb7 37. Qxd5+ Qf7 38. Qe4 Rc7 39. h4 Rb7 40. f4 1-0

[Event "SEMI W-ch3 LG sf-B email"]
[Site "SEMI email"]
[Date "2000.11.15"]
[Round "?"]
[White "Gaard, Karl Gustav"]
[Black "Fredriksen, Arild"]
[Result "1/2-1/2"]
[WhiteElo "2287"]
[BlackElo "2183"]
[PlyCount "48"]
[EventDate "2000.11.15"]
[EventType "tourn (corr)"]
[EventRounds "10"]
[EventCountry "ITA"]
[SourceTitle "Corr 2008"]
[Source "ChessBase"]
[SourceDate "2008.06.24"]
[SourceVersion "1"]
[SourceVersionDate "2008.06.24"]
[SourceQuality "1"]

1. e4 e5 2. Nf3 f5 3. exf5 e4 4. Ne5 Nf6 5. Be2 Bc5 6. Bh5+ Kf8 7. d4 exd3 8. Nxd3 Qe7+ 9. Be2 Bb6 10. 0-0 d6 11. g4 Nc6 12. Re1 Qf7 13. Nc3 h5 14. Nf4 hxg4 15. Ng6+ Kg8 16. b3 Bxf5 17. Bc4 Bxg6 18. Bxf7+ Kxf7 19. Bg5 Bxc2 20. Qe2 Ne5 21. Qxc2 Nf3+ 22. Kf1 Rxh2 23. Bxf6 gxf6 24. Re2 Rah8 1/2-1/2

[Event "SEMI W-ch3 LG sf-B email"]
[Site "SEMI email"]
[Date "2000.11.15"]
[Round "?"]
[White "Malmstroem, Jan"]
[Black "Fredriksen, Arild"]
[Result "1-0"]
[WhiteElo "2223"]
[BlackElo "2183"]
[PlyCount "55"]
[EventDate "2000.11.15"]
[EventType "tourn (corr)"]
[EventRounds "10"]
[EventCountry "ITA"]
[SourceTitle "Corr 2008"]
[Source "ChessBase"]
[SourceDate "2008.06.24"]
[SourceVersion "1"]
[SourceVersionDate "2008.06.24"]
[SourceQuality "1"]

1. e4 e5 2. Nf3 f5 3. Nxe5 Qf6 4. d4 d6 5. Nc4 fxe4 6. Nc3 Qg6 7. f3 exf3 8. Qxf3 Nf6 9. Bd3 Qg4 10. Qe3+ Be7 11. 0-0 Nc6 12. d5 Nb4 13. Rf4 Nbxd5 14. Rxg4 Nxe3 15. Rxg7 Nxc4 16. Bxc4 Nh5 17. Rxe7+ Kxe7 18. Bg5+ Kf8 19. Bh6+ Ke7 20. Rf1 Bg4 21. h3 Rag8 22. Bxg8 Rxg8 23. hxg4 Rxg4 24. Nd5+ Kd7 25. Ne3 Rg6 26. Rf7+ Ke6 27. Rxh7 Nf6 28. Rh8 1-0

[Event "IECG CP.1998.S.00006"]
[Site "IECG email"]
[Date "2000.10.01"]
[Round "?"]
[White "Fredriksen, Arild"]
[Black "Koch, Christian"]
[Result "0-1"]
[WhiteElo "2125"]
[BlackElo "2265"]
[PlyCount "44"]
[EventDate "2000.10.01"]
[EventType "tourn (corr)"]
[EventRounds "6"]
[EventCountry "GER"]
[SourceTitle "Corr 2008"]
[Source "ChessBase"]
[SourceDate "2008.06.24"]
[SourceVersion "1"]
[SourceVersionDate "2008.06.24"]
[SourceQuality "1"]

1. d4 d5 2. c4 c6 3. Nc3 Nf6 4. cxd5 cxd5 5. Bf4 Qb6 6. Rc1 Bd7 7. b3 e6 8. Nf3 Ba3 9. Rc2 0-0 10. e3 Bb4 11. Nd2 Rc8 12. Ncb1 Rxc2 13. Qxc2 Na6 14. Qb2 Rc8 15. a3 Be7 16. Be2 Bb5 17. Bg5 Qc6 18. Kd1 Nb8 19. Bxb5 Qxb5 20. Nc3 Qa6 21. Bxf6 Bxa3 22. Qa2 Rxc3 0-1

[Event "IECG CP.1997.F.00001"]
[Site "IECG email"]
[Date "2000.??.??"]
[Round "?"]
[White "Siefring, Carl L"]
[Black "Fredriksen, Arild"]
[Result "1-0"]
[WhiteElo "2127"]
[BlackElo "2048"]
[PlyCount "53"]
[EventDate "2000.02.01"]
[EventType "tourn (corr)"]
[EventRounds "7"]
[SourceTitle "Corr 2008"]
[Source "ChessBase"]
[SourceDate "2008.06.24"]
[SourceVersion "1"]
[SourceVersionDate "2008.06.24"]
[SourceQuality "1"]

1. e4 c6 2. d4 d5 3. Nc3 dxe4 4. Nxe4 Bf5 5. Ng3 Bg6 6. h4 h6 7. N1e2 Nf6 8. Nf4 Bh7 9. Bc4 Nbd7 10. 0-0 e6 11. Re1 Qa5 12. c3 0-0-0 13. b4 Qb6 14. a4 g5 15. hxg5 hxg5 16. Nh3 g4 17. Ng5 Bg8 18. Bf4 a5 19. N5e4 Nxe4 20. Nxe4 Bh7 21. Ng5 Bg6 22. Qxg4 Be7 23. b5 Bh5 24. Qg3 Rdg8 25. bxc6 Qxc6 26. Bb5 Qd5 27. Bxd7+ 1-0

[Event "IECG C1.1999.0.00230"]
[Site "IECG email"]
[Date "1999.08.29"]
[Round "?"]
[White "Fredriksen, Arild"]
[Black "Ranalli, Bruno"]
[Result "0-1"]
[WhiteElo "2031"]
[BlackElo "1903"]
[PlyCount "24"]
[EventDate "1999.08.29"]
[EventType "tourn (corr)"]
[EventRounds "6"]
[SourceTitle "Corr 2008"]
[Source "ChessBase"]
[SourceDate "2008.06.24"]
[SourceVersion "1"]
[SourceVersionDate "2008.06.24"]
[SourceQuality "1"]

1. Nc3 Nf6 2. e3 d5 3. f4 Bf5 4. Nf3 e6 5. Be2 Be7 6. d3 c5 7. Nh4 Bg4 8. Bxg4 Nxg4 9. Nf3 0-0 10. 0-0 Nc6 11. h3 Nf6 12. Ne2 b5 0-1

[Event "SEMI A003 corr"]
[Site "SEMI email"]
[Date "1999.??.??"]
[Round "?"]
[White "Bonoldi, Fabio"]
[Black "Fredriksen, Arild"]
[Result "1/2-1/2"]
[WhiteElo "2039"]
[BlackElo "2295"]
[PlyCount "26"]
[EventDate "1999.09.01"]
[EventType "tourn (corr)"]
[EventRounds "6"]
[EventCountry "ITA"]
[SourceTitle "Corr 2002"]
[Source "ChessBase"]
[SourceDate "2002.05.23"]
[SourceVersion "1"]
[SourceVersionDate "2002.05.23"]
[SourceQuality "1"]

1. d4 Nf6 2. c4 e6 3. Nf3 a6 4. Nc3 d5 5. cxd5 exd5 6. Bg5 Be7 7. e3 0-0 8. Be2 Be6 9. 0-0 Re8 10. Qb3 Ra7 11. Rac1 c6 12. Ne5 Nbd7 13. Nxd7 Bxd7 1/2-1/2